000 00737nam a2200229Ia 4500
003 GCL
008 140319s9999 xx 000 0 ara d
040 _aGCL /
_cGCL
082 0 4 _a301.24
_bع ت
100 1 _aعادل مختار الهوارى
245 1 0 _aالتغير الاجتماعى والتنمية فى الوطن العربى /
_cعادل مختار الهوارى
260 _a[S.N] :
_bدار المعرفة الجامعية ،
_c1993
300 _a293 ص
490 _a
650 0 4 _aالتنمية الاجتماعية
650 0 4 _aنظريات
650 0 4 _aالاجتماع
650 0 4 _aالانتربولوجيا
650 0 4 _aالتغير الاجتماعى
650 0 4 _aتخطيط
942 _2ddc
_cBK
999 _c28187
_d28187